Rakousko v Evropské klatbě

Obmedzenie bilaterálnych vzťahov EÚ a Rakúska. Riziká obranných mechanizmov. Premeny v rakúskej vnútornej politike.

Salvato in:
Dettagli Bibliografici
Natura: Capitolo di libro
Lingua:ceco
Soggetti:
Tags: Aggiungi Tag
Nessun Tag, puoi essere il primo ad aggiungerne!!

MARC

LEADER 00000naa a2200000 4500
001 r038876
005 20230927120621.3
041 0 |a cze 
044 |a CZ 
245 1 0 |a Rakousko v Evropské klatbě 
520 |a Obmedzenie bilaterálnych vzťahov EÚ a Rakúska. Riziká obranných mechanizmov. Premeny v rakúskej vnútornej politike. 
610 2 0 |a vývoj spoločenský 
610 2 0 |a vývoj hospodársky 
610 2 0 |a Rakúsko 
610 2 0 |a Európska únia 
610 2 0 |a sankcie 
610 2 0 |a politika hospodárska medzinárodná 
610 2 0 |a politika medzinárodná 
610 2 0 |a politika zahraničná 
610 2 0 |a politika vnútorná